| 000 | 00788 a2200157 4500 | ||
|---|---|---|---|
| 003 | Nust | ||
| 005 | 20170207153145.0 | ||
| 040 | _cNust | ||
| 082 | _a005.43 | ||
| 245 |
_aExcel 5.0 Worksheets _bWindows (Student Manual) _cLogical Operations |
||
| 260 | _c1994 | ||
| 300 | _adifferent pages | ||
| 505 | _aIntroduction (Page-Iv), Getting Started (Page-1), Introduction To Worksheets (Page-2-2), Creating A Basic Worksheet (Page-3-2), Modifying Worksheets (Page-8-2), Additional Excel Features (Page-9-2), Formation Techniques (Page-10-2), Printing A Worksheet (Page-11-2), Previewing Charting (Page-12-2).Working With Ranges (Page-4-2), Movement Techniques (Page-5-2), Using Functions (Page-6-2), Moving And Copying Data (Page-7-2), | ||
| 538 | _aAlmirah No.7 Shelf No.4 | ||
| 650 | _aWindows | ||
| 942 |
_2ddc _cBK |
||
| 999 |
_c180267 _d180267 |
||